Paroles "Te fiti" - Vaiana (Disney) - Statistiques

Statistiques générales
  • Ce quiz a été pris 5 fois
  • Le résultat moyen est 31 sur 35
Statistiques - réponses
Chanteur Paroles % Correct
âme,
100%
coeur
100%
connais
100%
Et
100%
Et
100%
franchi
100%
Ils
100%
Vaiana J'ai
100%
Je
100%
je
100%
l'horizon
100%
ont
100%
pour
100%
te
100%
te
100%
ton
100%
ton
100%
trouver
100%
as
80%
es.
80%
es.
80%
eu
80%
Moi
80%
peur
80%
qui
80%
qui
80%
sais
80%
sais
80%
tellement
80%
tu
80%
tu
80%
tu
80%
tu
80%
volé
80%
détruit
40%
Aucun quiz correspondant
Distribution des résultats
% des personnes avec chaque résultat
Percentile par nombre de réponses
Votre historique - résultats
Vous n’avez pas pris ce quiz